| 000 | 00703nam a2200205Ia 4500 | ||
|---|---|---|---|
| 005 | 20260121110123.0 | ||
| 008 | 008 260114s9999 xx 000 0 hin d | ||
| 020 | _a9788132300823 | ||
| 037 | _aEBOOK | ||
| 040 |
_aCRL _bhin _cCRL |
||
| 041 |
_ahin _2hin |
||
| 084 | _qCRL | ||
| 100 |
_aशिखर गिरि / Shikhar Giri _9942285 |
||
| 245 | 0 | _aपुरातत्त्व के सिद्धान्त एवं विधियाँ / Puratattva ke Siddhant aur Vidhiyan | |
| 260 |
_bभाषा प्रकाशन / Bhasha Prakashan _c2020 |
||
| 856 | _uhttps://bhashaprakashan.com/product-details/377748 | ||
| 942 | _cEBOOK | ||
| 999 |
_c1533950 _d1533950 |
||